Normal view
MARC view
- تحرير سامبسون... وآخرون: تحرير محمد ابو نمر، تحرير كلوديا ليبلر، تحرير ديانا ويتني؛ ترجمة فؤاد سروجي؛ مراجعة وتدقيق عماد عمر
Entry Personal Name
001 - CONTROL NUMBER
- control field: 49860
003 - CONTROL NUMBER IDENTIFIER
- control field: JO-AjAnu
005 - DATE AND TIME OF LATEST TRANSACTION
- control field: 20230606082219.0
008 - FIXED-LENGTH DATA ELEMENTS
- fixed length control field: 230606|| aca||aabn | a|a d
040 ## - CATALOGING SOURCE
- Original cataloging agency: JO-AjAnu
- Transcribing agency: JO-AjAnu
100 ## - HEADING--PERSONAL NAME
- Personal name: تحرير سامبسون... وآخرون: تحرير محمد ابو نمر، تحرير كلوديا ليبلر، تحرير ديانا ويتني؛ ترجمة فؤاد سروجي؛ مراجعة وتدقيق عماد عمر
670 ## - SOURCE DATA FOUND
- Source citation: Work cat.: (JO-AjAnu)25495: تحرير سامبسون... وآخرون: تحرير محمد ابو نمر، تحرير كلوديا ليبلر، تحرير ديانا ويتني؛ ترجمة فؤاد سروجي؛ مراجعة وتدقيق عماد عمر, author, المقاربات الإيجابية لبناء السلام